[Event "Paracin 2018"]
[Site "Paracin, Hotel Petrus"]
[Date "2018.07.09"]
[Round "4.47"]
[White "Olcum, Ahmet"]
[Black "Ayan, Bengu Sena"]
[Result "1-0"]
[WhiteElo "2316"]
[BlackElo "1787"]
[PlyCount "55"]
[EventDate "2018.07.06"]

1. Nf3 d5 2. g3 g6 3. Bg2 Bg7 4. O-O c5 5. d3 Nc6 6. c4 e6 7. Nc3 Nge7 8. Bf4
O-O 9. Rb1 f6 10. Bd2 b6 11. a3 dxc4 12. dxc4 Rb8 13. b4 cxb4 14. axb4 e5 15.
b5 Na5 16. c5 bxc5 17. Na4 Bf5 18. Nxc5 Bxb1 19. Qxb1 Rf7 20. Ne6 Qb6 21. Qa2
Nb7 22. Be3 Qxb5 23. Rb1 Qe8 24. Bxa7 Ra8 25. Nc7 Qc8 26. Nxa8 Qxa8 27. Nxe5
fxe5 28. Rxb7 1-0

[Event "Paracin 2018"]
[Site "Paracin, Hotel Petrus"]
[Date "2018.07.09"]
[Round "4.48"]
[White "Kecskemeti, Arpad"]
[Black "Saksham, Rautela"]
[Result "1/2-1/2"]
[WhiteElo "2297"]
[BlackElo "2064"]
[PlyCount "146"]
[EventDate "2018.07.06"]

1. e4 e5 2. Nf3 Nc6 3. Bb5 g6 4. c3 a6 5. Bxc6 dxc6 6. Nxe5 Qg5 7. d4 Qxg2 8.
Qf3 Qxf3 9. Nxf3 Nf6 10. Nbd2 c5 11. O-O cxd4 12. Nxd4 Bg7 13. Re1 O-O 14. Nf1
Re8 15. f3 Nd7 16. Kg2 f5 17. Bf4 fxe4 18. Bxc7 b5 19. Nd2 exf3+ 20. N2xf3 Bb7
21. Ne6 Bf6 22. Rad1 Nf8 23. Nc5 Rxe1 24. Rxe1 Bd5 25. Kg3 Rc8 26. Bd6 Rc6 27.
Bxf8 Kxf8 28. Nd7+ Kg7 29. Nxf6 Rxf6 30. Nd4 Bxa2 31. b3 Rd6 32. Ra1 Bxb3 33.
Nxb3 Rd3+ 34. Kg2 Rxc3 35. Nd4 Rc4 36. Ne6+ Kf6 37. Rxa6 Ra4 38. Rb6 Ra2+ 39.
Kg3 Ra3+ 40. Kf4 Ra4+ 41. Ke3 Ke5 42. Nc5 Rh4 43. Nd3+ Kd5 44. Rxb5+ Kc6 45.
Rb2 Kd5 46. Rd2 Ke6 47. Kf3 Kf5 48. Rf2 Ra4 49. Kg3+ Kg5 50. Ne5 Re4 51. Nf3+
Kh5 52. Rd2 Rg4+ 53. Kh3 Ra4 54. Rd5+ Kh6 55. Kg3 Ra3 56. Rd7 Ra4 57. Ne5 Ra3+
58. Nf3 Ra4 59. h4 Ra3 60. Kg4 Ra4+ 61. Rd4 Ra7 62. Rc4 Re7 63. Ng5 Rb7 64. Rf4
Kg7 65. Rc4 Kh6 66. Ne6 Ra7 67. Rd4 Rb7 68. Nd8 Ra7 69. Nc6 Rc7 70. Ne5 Ra7 71.
Kg3 g5 72. hxg5+ Kxg5 73. Nf3+ Kg6 1/2-1/2

[Event "Paracin 2018"]
[Site "Paracin, Hotel Petrus"]
[Date "2018.07.09"]
[Round "4.49"]
[White "Kolbert, Engelbert"]
[Black "Jocev, Milan"]
[Result "0-1"]
[WhiteElo "2124"]
[BlackElo "2256"]
[PlyCount "86"]
[EventDate "2018.07.06"]

1. e4 e5 2. Nf3 Nf6 3. Nxe5 d6 4. Nf3 Nxe4 5. d4 d5 6. Bd3 Be7 7. O-O O-O 8. c4
Nc6 9. cxd5 Qxd5 10. Nc3 Nxc3 11. bxc3 Bg4 12. Be2 Bd6 13. h3 Bh5 14. a4 Rfe8
15. Be3 Na5 16. Rb1 a6 17. Rc1 Nc4 18. Bxc4 Qxc4 19. g4 Bg6 20. Nd2 Qd3 21. Qf3
f5 22. Rfd1 f4 23. Nf1 Qc4 24. Qxb7 fxe3 25. Nxe3 Qf7 26. Qd5 Qxd5 27. Nxd5 Be4
28. Ne3 Bf4 29. Re1 Bxe3 30. Rxe3 Bc6 31. a5 Rxe3 32. fxe3 Re8 33. Kf2 Be4 34.
c4 Rb8 35. Kg3 Rf8 36. g5 Rf3+ 37. Kg4 Rxe3 38. Kf4 Re2 39. d5 Bg6 40. c5 Kf7
41. Rc4 Rc2 42. Rxc2 Bxc2 43. Ke5 Ke7 0-1

[Event "Paracin 2018"]
[Site "Paracin, Hotel Petrus"]
[Date "2018.07.09"]
[Round "4.50"]
[White "Shoboev, Dandar"]
[Black "Mitev, Valentin"]
[Result "1/2-1/2"]
[WhiteElo "2086"]
[BlackElo "2242"]
[PlyCount "56"]
[EventDate "2018.07.06"]

1. d4 d5 2. Nf3 Nf6 3. e3 Bg4 4. c4 dxc4 5. Bxc4 e6 6. h3 Bh5 7. Nc3 a6 8. a4
Nc6 9. Be2 Bb4 10. O-O O-O 11. Bd2 Qd6 12. Rc1 Rfd8 13. Qb3 Na5 14. Qc2 Rac8
15. Nb1 Bg6 16. Bd3 Bxd3 17. Qxd3 Bxd2 18. Nbxd2 Qb4 19. Qc2 Nd7 20. Ne1 e5 21.
Nd3 Qd6 22. Ne4 Qd5 23. Nb4 Qe6 24. Ng5 Qg6 25. Qxg6 hxg6 26. Nd5 Kf8 27. Nh7+
Kg8 28. Ng5 Kf8 1/2-1/2

[Event "Paracin 2018"]
[Site "Paracin, Hotel Petrus"]
[Date "2018.07.09"]
[Round "4.51"]
[White "Mijatovic, Dusan"]
[Black "Vujacic, Borivoje"]
[Result "0-1"]
[WhiteElo "2071"]
[BlackElo "2213"]
[PlyCount "52"]
[EventDate "2018.07.06"]

1. e4 c5 2. Nf3 d6 3. g3 Nf6 4. d3 Nc6 5. Bg2 g6 6. O-O Bg7 7. c3 O-O 8. Re1 e5
9. a3 a5 10. a4 h6 11. Na3 Re8 12. Nb5 Bg4 13. h3 Be6 14. d4 cxd4 15. cxd4 exd4
16. Nfxd4 Nxd4 17. Qxd4 Nxe4 18. Qd3 d5 19. Bxe4 dxe4 20. Qxd8 Raxd8 21. Rxe4
Rd1+ 22. Kh2 Rc8 23. Nc3 Bxc3 24. bxc3 Bd5 25. f3 Bxe4 26. fxe4 Rxc3 0-1

[Event "Paracin 2018"]
[Site "Paracin, Hotel Petrus"]
[Date "2018.07.09"]
[Round "4.52"]
[White "Petrov, Georgi"]
[Black "Zhukov, Anton"]
[Result "1/2-1/2"]
[WhiteElo "2213"]
[BlackElo "2046"]
[PlyCount "79"]
[EventDate "2018.07.06"]

1. c4 Nf6 2. Nf3 g6 3. b3 Bg7 4. Bb2 O-O 5. e3 d6 6. d4 e5 7. dxe5 Nfd7 8. Be2
dxe5 9. Qc2 Re8 10. e4 Nc6 11. O-O a5 12. Rd1 Nb4 13. Qd2 Qe7 14. Nc3 Nc5 15.
Nd5 Nxd5 16. exd5 e4 17. Nd4 e3 18. fxe3 Bh6 19. Nc2 Bf5 20. Qc3 f6 21. Bf3
Bxc2 22. Qxc2 Bxe3+ 23. Kh1 Bf4 24. Bc3 Qd6 25. g3 Be5 26. Re1 Kf7 27. a3 Bxc3
28. Qxc3 b6 29. Kg2 Nd7 30. Re6 Qf8 31. Rf1 Kg7 32. Bg4 Rxe6 33. Bxe6 Nc5 34.
Re1 Re8 35. b4 axb4 36. axb4 Nxe6 37. Rxe6 Rxe6 38. dxe6 Qd6 39. Qe3 Kf8 40.
Qh6+ 1/2-1/2

[Event "Paracin 2018"]
[Site "Paracin, Hotel Petrus"]
[Date "2018.07.09"]
[Round "4.53"]
[White "Winkelman, Albert"]
[Black "Harshini, A."]
[Result "1/2-1/2"]
[WhiteElo "2210"]
[BlackElo "2037"]
[PlyCount "109"]
[EventDate "2018.07.06"]

1. e4 e5 2. Nf3 Nc6 3. Bb5 a6 4. Ba4 Nge7 5. O-O g6 6. c3 Bg7 7. d4 exd4 8.
cxd4 b5 9. Bb3 O-O 10. Nc3 d6 11. h3 h6 12. a3 Kh7 13. d5 Na5 14. Bc2 Nc4 15.
Nd4 f5 16. b3 Nb6 17. Bb2 Qe8 18. Qd2 Qf7 19. f3 Bd7 20. Rae1 Rae8 21. Ba1 Bc8
22. Nce2 f4 23. Ne6 Bxe6 24. dxe6 Qxe6 25. Nxf4 Qf7 26. Bxg7 Kxg7 27. Ne2 Qf6
28. Nc3 Nc6 29. Rd1 Re5 30. Nd5 Nxd5 31. exd5 Ne7 32. Rfe1 Rf7 33. Rxe5 Qxe5
34. Be4 Nf5 35. Rc1 Qd4+ 36. Qxd4+ Nxd4 37. Rb1 Ne2+ 38. Kf2 Nc3 39. Re1 Re7
40. Rc1 Nxe4+ 41. fxe4 Rxe4 42. Rxc7+ Kf6 43. Rc6 Ke5 44. Rxa6 Kxd5 45. Ra5 Kc6
46. a4 bxa4 47. bxa4 Kb6 48. Ra8 g5 49. Kf3 Rh4 50. a5+ Kb7 51. Rd8 Kc7 52. Rh8
Kb7 53. Rd8 Kc7 54. Rh8 Kb7 55. Rd8 1/2-1/2

[Event "Paracin 2018"]
[Site "Paracin, Hotel Petrus"]
[Date "2018.07.09"]
[Round "4.54"]
[White "Rakshitta, Ravi"]
[Black "Trifunovic, Miroljub"]
[Result "0-1"]
[WhiteElo "2026"]
[BlackElo "2198"]
[PlyCount "128"]
[EventDate "2018.07.06"]

1. e4 c5 2. Nc3 e6 3. Nf3 d6 4. g3 Nc6 5. Bg2 Nf6 6. d4 cxd4 7. Nxd4 Bd7 8.
Ndb5 Qb8 9. Bf4 Ne5 10. O-O a6 11. Nd4 b5 12. Bc1 Ra7 13. f4 Ng6 14. e5 dxe5
15. fxe5 Qxe5 16. Re1 Qc7 17. Bg5 Be7 18. Bxf6 gxf6 19. Qf3 O-O 20. Nc6 Bxc6
21. Qxc6 Qxc6 22. Bxc6 Rc8 23. Be4 f5 24. Bd3 Bf6 25. Kg2 b4 26. Na4 Ne5 27.
Re2 Rc6 28. Rd1 Rd7 29. Red2 Nxd3 30. cxd3 Bd4 31. Kf3 Kg7 32. b3 Kf6 33. Nb2
Bxb2 34. Rxb2 e5 35. Rbd2 Rd4 36. Ke2 Ke6 37. Rb1 h5 38. Rbb2 Rc3 39. Rb1 f4
40. gxf4 Rxf4 41. Rg1 Rh4 42. Kd1 Rg4 43. Rg3 f5 44. Ke2 h4 45. Rxg4 fxg4 46.
Ke3 Rc1 47. Rg2 Kf5 48. Rf2+ Kg5 49. Rf8 Re1+ 50. Kf2 Ra1 51. Rg8+ Kf5 52. Rf8+
Ke6 53. Rg8 Rxa2+ 54. Kg1 g3 55. hxg3 hxg3 56. Rxg3 Kd5 57. Rg8 Kd4 58. Rc8
Kxd3 59. Rc4 a5 60. Rc5 e4 61. Kf1 Ra1+ 62. Kf2 e3+ 63. Kf3 Rf1+ 64. Kg2 e2 0-1

[Event "Paracin 2018"]
[Site "Paracin, Hotel Petrus"]
[Date "2018.07.09"]
[Round "4.55"]
[White "Petrovic, Zoran Z"]
[Black "Uysal, Burak"]
[Result "0-1"]
[WhiteElo "2025"]
[BlackElo "2185"]
[PlyCount "90"]
[EventDate "2018.07.06"]

1. d4 Nf6 2. c4 e6 3. g3 d5 4. Bg2 Be7 5. Nf3 O-O 6. O-O dxc4 7. Qc2 a6 8. Qxc4
b5 9. Qc2 Bb7 10. Bd2 Be4 11. Qb3 Nc6 12. e3 Bd5 13. Qc2 Nb4 14. Bxb4 Bxb4 15.
a3 Be7 16. Nc3 Bb7 17. Rfd1 b4 18. axb4 Bxb4 19. Ne5 Bxg2 20. Kxg2 c5 21. Qa4
Qc7 22. Qc6 Rfc8 23. Rxa6 Rxa6 24. Qxa6 cxd4 25. Rxd4 Rb8 26. Nc6 Bxc3 27. bxc3
Re8 28. c4 e5 29. Rd1 h5 30. Nb4 Re6 31. Qa8+ Kh7 32. Rc1 e4 33. Qa1 Qc5 34.
Nc2 h4 35. Nd4 Re5 36. Qb1 Rh5 37. f3 Qa3 38. Nb3 g6 39. f4 hxg3 40. Kxg3 Qa6
41. Qb2 Qe6 42. Qg2 Ng4 43. h4 Nxe3 44. Qh3 Nf5+ 45. Kg2 Nxh4+ 0-1

[Event "Paracin 2018"]
[Site "Paracin, Hotel Petrus"]
[Date "2018.07.09"]
[Round "4.56"]
[White "Jigjidsuren, Purev"]
[Black "Danaci, Ege"]
[Result "1-0"]
[WhiteElo "2183"]
[BlackElo "1902"]
[PlyCount "37"]
[EventDate "2018.07.06"]

1. e4 c5 2. Nf3 d6 3. d4 cxd4 4. Nxd4 Nf6 5. Nc3 g6 6. Be3 Bg7 7. f3 a6 8. Qd2
h5 9. O-O-O Nbd7 10. Kb1 b5 11. Nd5 Bb7 12. Nxf6+ Nxf6 13. Bd3 O-O 14. h3 Qc7
15. Bh6 d5 16. Bxg7 Kxg7 17. exd5 Nxd5 18. Qg5 Qf4 19. Ne6+ 1-0

[Event "Paracin 2018"]
[Site "Paracin, Hotel Petrus"]
[Date "2018.07.09"]
[Round "4.57"]
[White "Yerden, Huseyin Eren"]
[Black "Cirovic, Miroljub"]
[Result "1/2-1/2"]
[WhiteElo "2022"]
[BlackElo "2183"]
[PlyCount "42"]
[EventDate "2018.07.06"]

1. d4 Nf6 2. c4 e6 3. g3 d5 4. Nf3 dxc4 5. Bg2 Bb4+ 6. Bd2 a5 7. O-O O-O 8. Qc2
b6 9. a3 Bxd2 10. Nbxd2 b5 11. a4 c6 12. e4 Nbd7 13. e5 Nd5 14. Ne4 f6 15. exf6
N7xf6 16. Nc5 Ra7 17. Rfe1 Re7 18. Ne5 Nb4 19. Qd2 Nd7 20. Nexd7 Bxd7 21. Bh3
Rf6 1/2-1/2

[Event "Paracin 2018"]
[Site "Paracin, Hotel Petrus"]
[Date "2018.07.09"]
[Round "4.58"]
[White "Toncheva, Nadya"]
[Black "Djukic, Sandra"]
[Result "1-0"]
[WhiteElo "1975"]
[BlackElo "2181"]
[PlyCount "73"]
[EventDate "2018.07.06"]

1. d4 Nf6 2. c4 e6 3. Nc3 Bb4 4. e3 O-O 5. Bd3 c5 6. a3 Bxc3+ 7. bxc3 Nc6 8.
Ne2 d6 9. O-O e5 10. d5 e4 11. dxc6 exd3 12. cxb7 Bxb7 13. Qxd3 Qe7 14. f3 Nd7
15. Rd1 Ne5 16. Qxd6 Qg5 17. e4 Nxf3+ 18. Kh1 Qh5 19. Rf1 Bxe4 20. Qf4 Nxh2 21.
Ng3 Qg6 22. Kxh2 Bd3 23. Re1 Rab8 24. Be3 Rb2 25. Qg5 Qc6 26. Nh5 Bg6 27. Nf4
Be4 28. Re2 Rxe2 29. Nxe2 Qd6+ 30. Qf4 Qd3 31. Ng3 Bg6 32. Bxc5 Re8 33. Bxa7
Qxc3 34. Qd4 Qc2 35. Re1 Ra8 36. Qd5 Rc8 37. Qd7 1-0

[Event "Paracin 2018"]
[Site "Paracin, Hotel Petrus"]
[Date "2018.07.09"]
[Round "4.59"]
[White "Ersahin, Bulent"]
[Black "Farkas, Sandor I"]
[Result "1-0"]
[WhiteElo "2179"]
[BlackElo "1998"]
[PlyCount "57"]
[EventDate "2018.07.06"]

1. e4 c5 2. Nf3 d6 3. d4 cxd4 4. Nxd4 Nf6 5. Nc3 a6 6. Bg5 e6 7. f4 h6 8. Bh4
Qb6 9. Qd2 Qxb2 10. Rb1 Qa3 11. e5 dxe5 12. fxe5 Nfd7 13. Ne4 Qxa2 14. Rd1 Qd5
15. Qe3 Qxe5 16. Bg3 Qd5 17. Nb5 Qxd1+ 18. Kxd1 axb5 19. Qc3 Nc6 20. Bxb5 f5
21. Nd6+ Bxd6 22. Qxg7 Rf8 23. Bxd6 Rf7 24. Qh8+ Nf8 25. Re1 Ra5 26. Re5 Ra1+
27. Kd2 Rg1 28. Re2 Rb1 29. Bc4 1-0

[Event "Paracin 2018"]
[Site "Paracin, Hotel Petrus"]
[Date "2018.07.09"]
[Round "4.60"]
[White "Baltic, Fatih"]
[Black "Demirag, Gokhan"]
[Result "0-1"]
[WhiteElo "2157"]
[BlackElo "1855"]
[PlyCount "42"]
[EventDate "2018.07.06"]

1. e4 c6 2. Qe2 e5 3. Nf3 Qa5 4. g3 Nf6 5. c3 d6 6. Bg2 Bg4 7. d3 Bxf3 8. Qxf3
Nbd7 9. O-O Be7 10. Nd2 O-O 11. Nc4 Qc7 12. Ne3 g6 13. Bd2 Rfe8 14. g4 Bf8 15.
g5 Nh5 16. Ng4 Bg7 17. d4 Rf8 18. Bh3 f6 19. Nh6+ Kh8 20. Bg4 Nf4 21. Bxf4 fxg5
0-1

[Event "Paracin 2018"]
[Site "Paracin, Hotel Petrus"]
[Date "2018.07.09"]
[Round "4.61"]
[White "Caberoglu, Arda"]
[Black "Peycheva, Gergana"]
[Result "0-1"]
[WhiteElo "1869"]
[BlackElo "2157"]
[PlyCount "49"]
[EventDate "2018.07.06"]

1. e4 c5 2. Nf3 e6 3. b3 b6 4. d4 cxd4 5. Nxd4 Bb7 6. Nb5 d5 7. Bf4 Qf6 8. Nc7+
Kd8 9. Nxa8 Qxf4 10. Nd2 Bb4 11. Nxb6 axb6 12. Qe2 Bxd2+ 13. Qxd2 Qxe4+ 14. Be2
Qxg2 15. O-O-O Nf6 16. Rhg1 Qxh2 17. Rxg7 Qe5 18. Qd4 Qxd4 19. Rxd4 Ke7 20. Rb4
Nbd7 21. a4 Ba8 22. Rf4 h5 23. Bb5 Ne8 24. Rg3 h4 25. Rh3 0-1

[Event "Paracin 2018"]
[Site "Paracin, Hotel Petrus"]
[Date "2018.07.09"]
[Round "4.62"]
[White "Damjanovic, Vuk"]
[Black "Mar, Karmen"]
[Result "0-1"]
[WhiteElo "1939"]
[BlackElo "2130"]
[PlyCount "154"]
[EventDate "2018.07.06"]

1. e4 c5 2. Ne2 d6 3. d4 cxd4 4. Nxd4 Nf6 5. Nc3 a6 6. g3 e6 7. Bg2 Qc7 8. f4
Bd7 9. O-O Nc6 10. a4 Nxd4 11. Qxd4 d5 12. Kh1 Bc5 13. Qd1 dxe4 14. Nxe4 Nxe4
15. Bxe4 Bc6 16. Bxc6+ Qxc6+ 17. Qf3 Qc7 18. Rd1 O-O 19. c3 Rfd8 20. Bd2 Rd7
21. Be1 Rad8 22. Kg2 h6 23. h3 Ba7 24. Rxd7 Qxd7 25. b3 Qd6 26. b4 Qb6 27. Bf2
Rd2 28. Rf1 Qc7 29. Kg1 Bxf2+ 30. Rxf2 Rd5 31. Kg2 Qd7 32. Qe4 Qxa4 33. f5 Qd7
34. fxe6 fxe6 35. Qf4 Rf5 36. Qb8+ Kh7 37. Rxf5 exf5 38. Qf4 Qc6+ 39. Kf2 Qd5
40. h4 Qa2+ 41. Ke3 Qc2 42. Kd4 b6 43. Qf3 a5 44. bxa5 bxa5 45. Kc5 a4 46. c4
Qe4 47. Qf2 Qb1 48. Qf3 Qe4 49. Qf2 a3 50. Kb4 Kg6 51. Kxa3 Qxc4 52. Qf3 Qe4
53. Qc3 f4 54. gxf4 Qxf4 55. h5+ Kxh5 56. Qxg7 Kh4 57. Qe7+ Kh3 58. Qe6+ Kg2
59. Qe2+ Kg3 60. Qe1+ Kf3 61. Qf1+ Ke3 62. Qe1+ Kd3 63. Qd1+ Qd2 64. Qf3+ Kc2
65. Qh5 Qc3+ 66. Ka4 Qc4+ 67. Ka5 Qc7+ 68. Ka6 Qd6+ 69. Kb5 Kc3 70. Ka5 Kc4 71.
Qe2+ Kd5 72. Qh5+ Kc6 73. Qe8+ Qd7 74. Qa8+ Kc5 75. Qf8+ Qd6 76. Qf5+ Qd5 77.
Qf8+ Kc4+ 0-1

[Event "Paracin 2018"]
[Site "Paracin, Hotel Petrus"]
[Date "2018.07.09"]
[Round "4.63"]
[White "Tarun, V Kanth"]
[Black "Jovanovic, Sasa T"]
[Result "1/2-1/2"]
[WhiteElo "2086"]
[BlackElo "2258"]
[PlyCount "53"]
[EventDate "2018.07.06"]

1. d4 d6 2. Nf3 Nf6 3. c4 Bg4 4. Nc3 Bxf3 5. exf3 Nbd7 6. g3 c6 7. Bg2 e5 8.
O-O Be7 9. f4 exf4 10. Bxf4 O-O 11. Re1 Re8 12. Qd3 Qa5 13. b4 Qxb4 14. Rab1
Qa5 15. Rxb7 Qa6 16. Rc7 Bf8 17. Rd1 Rac8 18. Rxc8 Rxc8 19. d5 cxd5 20. cxd5
Qxd3 21. Rxd3 a6 22. Ne4 Nxe4 23. Bxe4 Rc4 24. Bf3 Nc5 25. Ra3 Ra4 26. Rxa4
Nxa4 27. Bd2 1/2-1/2

[Event "Paracin 2018"]
[Site "Paracin, Hotel Petrus"]
[Date "2018.07.09"]
[Round "4.64"]
[White "Molnar Gabor, Roland"]
[Black "Sahil, Tickoo"]
[Result "0-1"]
[WhiteElo "2034"]
[BlackElo "2202"]
[PlyCount "60"]
[EventDate "2018.07.06"]

1. e4 c5 2. c3 d5 3. exd5 Qxd5 4. d4 g6 5. Nf3 Bg7 6. dxc5 Qxd1+ 7. Kxd1 Nf6 8.
Bb5+ Bd7 9. Na3 O-O 10. Be3 Rd8 11. Ke2 Nd5 12. Bc4 Nxe3 13. Kxe3 Bc6 14. Nb5
Nd7 15. b4 Bh6+ 16. Ke2 Bxf3+ 17. gxf3 Ne5 18. Bb3 Rd2+ 19. Kf1 Nd3 20. Rd1
Rxf2+ 21. Kg1 Rd2 22. Rxd2 Bxd2 23. Bd5 Rb8 24. Nxa7 Nf4 25. Bb3 Be3+ 26. Kf1
Rd8 27. Rg1 Rd2 28. Rg4 Rf2+ 29. Ke1 Nd3+ 30. Kd1 Rd2# 0-1

[Event "Paracin 2018"]
[Site "Paracin, Hotel Petrus"]
[Date "2018.07.09"]
[Round "4.65"]
[White "Ongut, Tamas Gunes"]
[Black "Radovic, Stefan"]
[Result "1-0"]
[WhiteElo "2185"]
[BlackElo "2045"]
[PlyCount "95"]
[EventDate "2018.07.06"]

1. e4 c5 2. Nf3 Nc6 3. d4 cxd4 4. Nxd4 g6 5. c4 Nf6 6. Nc3 d6 7. Be2 Nxd4 8.
Qxd4 Bg7 9. Be3 O-O 10. Qd2 a5 11. f3 a4 12. Kf2 Qa5 13. Rac1 Re8 14. Nb5 Qxd2
15. Bxd2 Rf8 16. Be3 Be6 17. Rhd1 Nd7 18. Nc7 Rac8 19. Nxe6 fxe6 20. Rc2 Nc5
21. Ke1 e5 22. Rd5 Ne6 23. Rb5 Rc7 24. Ra5 Nc5 25. Bxc5 dxc5 26. Rd2 Bh6 27.
Rd1 Be3 28. Rxa4 Bd4 29. Rd2 Rc6 30. Ra5 Rb6 31. Rb5 Rxb5 32. cxb5 e6 33. Bc4
Kf7 34. Rd3 Ra8 35. Rd2 Ke7 36. Kd1 Ra4 37. b3 Ra3 38. b6 Kd6 39. Bb5 Ra5 40.
a4 Ke7 41. Kc2 Ra8 42. Kd3 Kd6 43. Kc4 Ke7 44. Ra2 Rd8 45. a5 Be3 46. Bc6 Rd4+
47. Kc3 bxc6 48. a6 1-0

[Event "Paracin 2018"]
[Site "Paracin, Hotel Petrus"]
[Date "2018.07.09"]
[Round "4.66"]
[White "Dezelin, Milan"]
[Black "Lopuszanski, Kamil"]
[Result "1/2-1/2"]
[WhiteElo "2146"]
[BlackElo "1984"]
[PlyCount "39"]
[EventDate "2018.07.06"]

1. Nf3 Nf6 2. b3 g6 3. Bb2 Bg7 4. g3 O-O 5. Bg2 d6 6. O-O e5 7. c4 Nbd7 8. Nc3
Re8 9. d3 c6 10. e4 Nc5 11. b4 Ne6 12. a4 a5 13. bxa5 Qxa5 14. Qc2 Nd7 15. Nb5
Bf8 16. d4 exd4 17. Nfxd4 Nxd4 18. Bxd4 Qd8 19. Nc3 Ne5 20. Nd1 1/2-1/2

[Event "Paracin 2018"]
[Site "Paracin, Hotel Petrus"]
[Date "2018.07.09"]
[Round "4.67"]
[White "Milanovic, Maja"]
[Black "Sultan, Ibrahim"]
[Result "0-1"]
[WhiteElo "1955"]
[BlackElo "2126"]
[PlyCount "106"]
[EventDate "2018.07.06"]

1. e4 e6 2. d4 d5 3. Nc3 Nf6 4. Bg5 dxe4 5. Nxe4 Nbd7 6. Nf3 Be7 7. Nxf6+ Bxf6
8. h4 a6 9. c3 b6 10. Bd3 Bb7 11. Qe2 c5 12. Be4 Bxe4 13. Qxe4 O-O 14. Ne5 cxd4
15. cxd4 Rc8 16. Nxd7 Qxd7 17. Bxf6 gxf6 18. Rh3 Qd6 19. a3 f5 20. Qd3 Rfd8 21.
Rd1 Qf4 22. Qg3+ Qxg3 23. Rxg3+ Kf8 24. Rc3 Ke7 25. Ke2 Rxc3 26. bxc3 b5 27. a4
bxa4 28. Ra1 Rb8 29. Rxa4 Rb3 30. Rxa6 Rxc3 31. Ra7+ Kf6 32. g3 f4 33. g4 Rh3
34. h5 Rb3 35. Ra8 f3+ 36. Kd2 Kg5 37. Rf8 f6 38. Rf7 Kxg4 39. Rxf6 Rb2+ 40.
Ke1 Re2+ 41. Kf1 Re4 42. h6 Rxd4 43. Ke1 Re4+ 44. Kd1 Re2 45. Rf7 Rxf2 46. Rxh7
Rh2 47. Rg7+ Kf4 48. h7 e5 49. Ke1 Ke3 50. Kd1 e4 51. Rf7 Rh1+ 52. Kc2 f2 53.
Kc3 Rxh7 0-1

[Event "Paracin 2018"]
[Site "Paracin, Hotel Petrus"]
[Date "2018.07.09"]
[Round "4.68"]
[White "Djokic, Slavoljub"]
[Black "Alivodic, Dario"]
[Result "1-0"]
[WhiteElo "2118"]
[BlackElo "1930"]
[PlyCount "107"]
[EventDate "2018.07.06"]

1. c4 e5 2. Nc3 Nf6 3. Nf3 e4 4. Ng5 b5 5. cxb5 d5 6. d3 h6 7. Nh3 Bb7 8. d4
Bd6 9. g3 O-O 10. Bg2 Nbd7 11. O-O c5 12. bxc6 Bxc6 13. Bf4 Nb6 14. Rc1 g5 15.
Be5 Nc4 16. Bxf6 Qxf6 17. Nxe4 dxe4 18. Rxc4 Bd5 19. Rc3 g4 20. Nf4 Bxf4 21.
gxf4 Qxf4 22. e3 Qf5 23. Rc5 Qe6 24. Rxd5 Qxd5 25. Qxg4+ Qg5 26. Qxg5+ hxg5 27.
Bxe4 Rab8 28. b3 f5 29. Bd5+ Kg7 30. Kg2 Kf6 31. Rc1 Rfc8 32. Bc4 a5 33. Rh1 a4
34. h4 axb3 35. hxg5+ Kxg5 36. axb3 Rh8 37. Rg1 Kf6 38. Kf3 Ra8 39. Kg3 Ra2 40.
Rc1 Rh5 41. Bd3 f4+ 42. Kg4 Rg5+ 43. Kf3 fxe3 44. Rc6+ Ke7 45. fxe3 Rag2 46.
Bc4 R2g3+ 47. Ke4 R5g4+ 48. Kd3 Rh4 49. Re6+ Kd7 50. Re5 Rg1 51. Kc3 Re1 52.
Kb4 Rh3 53. Be6+ Kd8 54. Bxh3 1-0

[Event "Paracin 2018"]
[Site "Paracin, Hotel Petrus"]
[Date "2018.07.09"]
[Round "4.69"]
[White "Ahmed, Fareed"]
[Black "Zlatanovic, Zoran"]
[Result "1-0"]
[WhiteElo "1953"]
[BlackElo "2108"]
[PlyCount "85"]
[EventDate "2018.07.06"]

1. e4 c5 2. Nf3 Nc6 3. d4 cxd4 4. Nxd4 Qb6 5. Nb3 Nf6 6. Nc3 e6 7. Bd3 d6 8.
Be3 Qc7 9. f4 a6 10. a4 b6 11. Qf3 Bb7 12. O-O Be7 13. Qh3 h5 14. Kh1 Nb4 15.
Nd4 d5 16. e5 Ng4 17. Bg1 g6 18. a5 Nxd3 19. Qxd3 b5 20. Nb3 Rc8 21. Bb6 Qc4
22. Rac1 h4 23. Qh3 Nh6 24. Nd4 Nf5 25. Nce2 Nxd4 26. Nxd4 Kd7 27. f5 gxf5 28.
Nxf5 Rcg8 29. Nd4 Rh7 30. Rf4 Qc8 31. Rcf1 Ke8 32. R4f3 b4 33. c3 Rg6 34. cxb4
Bxb4 35. Rf4 Be7 36. b3 Rhg7 37. Qf3 Qb8 38. Rxf7 Kd7 39. Rxg7 Rxg7 40. Nxe6 d4
41. Nf8+ Bxf8 42. Qf5+ Kc6 43. Qe6+ 1-0

[Event "Paracin 2018"]
[Site "Paracin, Hotel Petrus"]
[Date "2018.07.09"]
[Round "4.70"]
[White "Vujcic, Milena"]
[Black "Radojkovic, Stefan"]
[Result "0-1"]
[WhiteElo "1911"]
[BlackElo "2105"]
[PlyCount "108"]
[EventDate "2018.07.06"]

1. d4 d5 2. Nf3 Nf6 3. Bf4 Bf5 4. e3 e6 5. Bd3 Bxd3 6. Qxd3 c6 7. Nbd2 Nbd7 8.
e4 Qb6 9. O-O dxe4 10. Nxe4 Nxe4 11. Qxe4 Nf6 12. Qd3 Rd8 13. c3 Nd5 14. Bg3
Qxb2 15. Rfb1 Qxc3 16. Qxc3 Nxc3 17. Rxb7 Ne2+ 18. Kf1 Nxd4 19. Nxd4 Rxd4 20.
Rxa7 Rd7 21. Bc7 c5 22. Rb1 f6 23. Rbb7 c4 24. Ba5 Rxb7 25. Rxb7 Bd6 26. Rxg7
h5 27. Bc3 Be7 28. Rg3 Kf7 29. a4 Ra8 30. a5 Bd6 31. Rh3 Kg6 32. Rh4 Rc8 33.
Re4 e5 34. Re1 Bc5 35. Rc1 Kf5 36. Ke2 Bd4 37. a6 Ke4 38. f3+ Kd5 39. Kd2 h4
40. g3 hxg3 41. hxg3 Rh8 42. Kc2 Rh2+ 43. Kb1 Rh3 44. f4 Rxg3 45. fxe5 fxe5 46.
Kb2 Rg7 47. Bxd4 exd4 48. Ra1 Ra7 49. Ra5+ Kc6 50. Ka3 Kb6 51. Kb4 c3 52. Rh5
c2 53. Rh1 Rc7 54. Rc1 d3 0-1

[Event "Paracin 2018"]
[Site "Paracin, Hotel Petrus"]
[Date "2018.07.09"]
[Round "4.71"]
[White "Konstantinov, Aleksandar"]
[Black "Srdanovic, Jovana"]
[Result "0-1"]
[WhiteElo "2133"]
[BlackElo "2064"]
[PlyCount "56"]
[EventDate "2018.07.06"]

1. d4 Nf6 2. c4 g6 3. Nc3 Bg7 4. e4 d6 5. Nf3 O-O 6. Be2 e5 7. d5 a5 8. Bg5 h6
9. Be3 Na6 10. Nd2 Nc5 11. g4 c6 12. h4 a4 13. h5 Qa5 14. f3 a3 15. Qc2 Bd7 16.
hxg6 fxg6 17. b3 cxd5 18. Nxd5 Nxd5 19. Bxc5 Qxc5 20. exd5 e4 21. Nxe4 Qa5+ 22.
Qd2 Qd8 23. O-O-O Qe7 24. Kc2 Bxg4 25. fxg4 Qxe4+ 26. Bd3 Qd4 27. Rb1 Rf2 28.
Be2 Qe4+ 0-1

[Event "Paracin 2018"]
[Site "Paracin, Hotel Petrus"]
[Date "2018.07.09"]
[Round "4.72"]
[White "Pajcin, Lav"]
[Black "Stojanovic, Sreten"]
[Result "1-0"]
[WhiteElo "2130"]
[BlackElo "2060"]
[PlyCount "55"]
[EventDate "2018.07.06"]

1. e4 d5 2. exd5 Qxd5 3. Nc3 Qa5 4. g3 c6 5. Bg2 Nf6 6. Nge2 Bg4 7. h3 Bh5 8.
O-O e6 9. d4 Bd6 10. g4 Bg6 11. Nf4 Qc7 12. Nxg6 hxg6 13. f4 Nbd7 14. a4 O-O-O
15. Qf3 a6 16. a5 Nf8 17. Ne2 Bb4 18. Be3 Bxa5 19. c3 Bb6 20. b4 Nd5 21. Bf2
Nd7 22. Rfb1 Ne7 23. c4 Nb8 24. Qa3 Qd7 25. b5 cxb5 26. cxb5 axb5 27. Qa8 Nd5
28. Rc1+ 1-0

[Event "Paracin 2018"]
[Site "Paracin, Hotel Petrus"]
[Date "2018.07.09"]
[Round "4.73"]
[White "Lea, Daniel J"]
[Black "Stankovic, Milos M"]
[Result "0-1"]
[WhiteElo "1973"]
[BlackElo "2100"]
[PlyCount "70"]
[EventDate "2018.07.06"]

1. d4 Nf6 2. c4 g6 3. Nc3 d5 4. e3 Bg7 5. Qb3 dxc4 6. Bxc4 O-O 7. Nf3 c5 8. d5
Ne8 9. e4 Nd6 10. e5 Nxc4 11. Qxc4 Nd7 12. Bf4 a6 13. a4 b5 14. Qe2 b4 15. Ne4
a5 16. Qe3 Nb6 17. Rd1 Nxd5 18. Qxc5 Bb7 19. Qb5 Rb8 20. e6 Nxf4 21. exf7+ Kh8
22. Rxd8 Rfxd8 23. O-O Bxe4 24. Qxa5 Bxf3 25. gxf3 Bxb2 26. Qc7 Nd5 27. Qc4 Bf6
28. Rd1 Kg7 29. a5 e6 30. a6 Rbc8 31. Qb5 Rb8 32. Qc6 Rbc8 33. Qxe6 Nf4 34.
f8=Q+ Rxf8 35. Qe4 Rfd8 0-1